| 000 | 00472nam a22001577a 4500 | ||
|---|---|---|---|
| 020 | _a978-93-92936-65-4 | ||
| 082 |
_a894.812 _bRAM/H |
||
| 100 | _aRAMACHANDRAN. M.K | ||
| 245 | _aHIMALAYA SAMATHALANGALILOODE-TRAVALOGUES | ||
| 246 |
_aHIMALAYA SAMATHALANGALILOODE-TRAVALOGUES _bHIMALAYA SAMATHALANGALILOODE-TRAVALOGUES |
||
| 260 |
_aTHRISSUR _bCURRENT BOOKS _c2022 |
||
| 300 | _a408 | ||
| 520 | _aTRAVELOGUE ABOUT HIMALAYA | ||
| 650 | _aMALAYALAM TRAVELOGUE | ||
| 942 | _cBK | ||
| 999 |
_c6796 _d6796 |
||